|
|
|
|
| LEADER |
01516nam a2200421Ia 4500 |
| 001 |
EBC589134 |
| 003 |
MiAaPQ |
| 005 |
20200520144314.0 |
| 006 |
m o d | |
| 007 |
cr cn||||||||| |
| 008 |
100625s2010 njua s 001 0 eng d |
| 010 |
|
|
|z 2010026721
|
| 020 |
|
|
|z 9780470572139 (hardback)
|
| 035 |
|
|
|a (MiAaPQ)EBC589134
|
| 035 |
|
|
|a (Au-PeEL)EBL589134
|
| 035 |
|
|
|a (CaPaEBR)ebr10419133
|
| 035 |
|
|
|a (CaONFJC)MIL281711
|
| 035 |
|
|
|a (OCoLC)680628123
|
| 040 |
|
|
|a MiAaPQ
|c MiAaPQ
|d MiAaPQ
|
| 050 |
|
4 |
|a HG4650
|b .F335 2010
|
| 082 |
0 |
4 |
|a 332.63/2
|2 22
|
| 100 |
1 |
|
|a Fabozzi, Frank J.
|
| 245 |
1 |
0 |
|a Introduction to fixed income analytics
|h [electronic resource] :
|b relative value analysis, risk measures, and valuation /
|c Frank J. Fabozzi, Steven V. Mann.
|
| 250 |
|
|
|a 2nd ed.
|
| 260 |
|
|
|a Hoboken, N.J. :
|b Wiley,
|c 2010.
|
| 300 |
|
|
|a xv, 478 p. :
|b ill.
|
| 490 |
1 |
|
|a Frank J. Fabozzi series ;
|v 191
|
| 500 |
|
|
|a Includes index.
|
| 533 |
|
|
|a Electronic reproduction. Ann Arbor, MI : ProQuest, 2015. Available via World Wide Web. Access may be limited to ProQuest affiliated libraries.
|
| 650 |
|
0 |
|a Fixed-income securities.
|
| 650 |
|
0 |
|a Fixed-income securities
|x Mathematics.
|
| 650 |
|
0 |
|a Rate of return.
|
| 650 |
|
0 |
|a Risk management.
|
| 655 |
|
4 |
|a Electronic books.
|
| 700 |
1 |
|
|a Mann, Steven V.
|
| 710 |
2 |
|
|a ProQuest (Firm)
|
| 830 |
|
0 |
|a Frank J. Fabozzi series ;
|v 191.
|
| 856 |
4 |
0 |
|u https://ebookcentral.proquest.com/lib/matrademy/detail.action?docID=589134
|z Click to View
|